000 00391nam a2200157Ia 4500
008 230711s9999||||xx |||||||||||||| ||und||
041 _aENG
082 _a720
_bHE-T
100 _aHerson K A
245 0 _aTutorial parallel Architecture for database
250 _a1st Ed.
260 _c1989
_aNew York
_bJohn Wiley & Sons.Inc
300 _a473
650 _aComputer Engineering
942 _cBK
999 _c749
_d749